| 000 | 00476nam a22001811a 4500 | ||
|---|---|---|---|
| 020 | _a9788185268811 | ||
| 082 |
_aH 792.809 54 _bRAD/B |
||
| 100 | _aRadha Vallabh Thripati | ||
| 245 |
_aBharatiya natya sastra ki parampara evam vishva rangamanch/ _cby Radha Vallabh Thripati |
||
| 260 |
_aDelhi: _bPratibha, _c1998. |
||
| 300 | _a237p. | ||
| 650 | _aNatyasastra Study | ||
| 650 | _aNatyasastra | ||
| 650 | _aDance India | ||
| 650 | _aDance | ||
| 650 | _aArts | ||
| 942 | _cBK | ||
| 999 |
_c5068 _d5068 |
||